KORKUSUZ KAHRAMANLAR AYKANAT SARE (Record no. 1188086)

MARC details
000 -LEADER
sabit uzunluktaki kontrol alanı 00255nam a2200097Ia 4500
001 - KONTROL NUMARASI
kontrol alanı 1188086
005 - EN SON İŞLEMİN TARİH VE ZAMANI
kontrol alanı 20250827021024.0
008 - SABİT-UZUNLUKTA VERİ ÖĞELERİ--GENEL BİLGİ
sabit uzunluktaki kontrol alanı 250824s9999 xx 000 0 und d
245 #0 - ESER / YAZAR
ESER ADI KORKUSUZ KAHRAMANLAR AYKANAT SARE
Yazar Adı RABİA TUNÇ
260 ## - YAYIN, DAĞITIM, VB.
YAYIN EVİ CARPEDİEM
Holdings
Düşüm durumu Kayıp durumu Hasar Durumu Ödünç verilmez Ana kütüphane Geçerli Kütüphane Edinilen tarih Toplam ödünç verme sayısı Barkod Son görüntüleme tarihi Son ödünç verme tarihi Fiyatın geçerli olmaya başladığı tarih Koha materyal türü
        AHMET HAZIM ULUŞAHİN İMAM HATİP ORTAOKULU AHMET HAZIM ULUŞAHİN İMAM HATİP ORTAOKULU 24.08.2025 1 10992130 09.03.2026 05.03.2026 27.08.2025 Books